Von Russland nach Polen
| Titel: | Von Russland nach Polen : Zum Potential imperialer Erfahrung nach dem Zerfall der Imperien am Beispiel der Biographie von Aleksander Lednicki / Martin Müller-Butz |
|---|---|
| Verfasser: | |
| In: |
Eliten im Vielvölkerreich, (2015), Seite 199-219 alle Artikel anzeigen |
| Veröffentlicht: | 2015 |
| Umfang: | 1 Illustration |
| Format: | Aufsatz |
| Sprache: | Deutsch |
X
alg: 47594805 001A $03025:22-02-21 001B $01999:10-05-21 $t09:31:58.000 001D $03025:22-02-21 001U $0utf8 001X $00 002@ $0Aou 002C $aText $btxt $2rdacontent 002D $aohne Hilfsmittel zu benutzen $bn $2rdamedia 002E $aBand $bnc $2rdacarrier 003@ $047594805X 007A $047594805X $aHEB 010@ $ager 010E $erda 011@ $a2015 021A $aVon Russland nach Polen $dZum Potential imperialer Erfahrung nach dem Zerfall der Imperien am Beispiel der Biographie von Aleksander Lednicki $hMartin Müller-Butz 028A $BVerfasser $4aut $8Müller-Butz, Martin$Z1984- [Tp3] $9453002935 031A $h199-219 $j2015 034M $a1 Illustration 039B $aEnthalten in $8--Aau--. Eliten im Vielvölkerreich. - Berlin : De Gruyter Oldenbourg, 2015. - VII, 411 Seiten. - Illustrationen, Karten. - ISBN 3-11-041602-6 $x201500000000000801 $9358125367 044K $7119108917 $8Lednicki, Aleksander$Z1866-1934 [Tp1] $9087449080 044K $RPolitikerin $#Politicians $#Hommes politiques $#Hommes d'État $#Politici $#Políticos $#Politiker $#Politiker $#Staatsmann $74046517-2 $8Politiker [Ts1] $9085129852 045F $a909 $eDDC23BSB 045F/01 $a909 045F/03 $f09042 045F/03 $g438 045R $aGeschichte 1918-1934 lok: 47594805 78 exp: 47594805 78 1 #EPN 201B/01 $022-02-21 $t10:56:43.000 201C/01 $022-02-21 201U/01 $0utf8 203@/01 $01142619095 204P/01 $010.1515/9783110416121-012 208@/01 $a22-02-21 $be 209A/01 $a/ $f000 $x00 209A/01 $ab*p $x01 220C/01 $apgar 244Z/01 $#Generalgouvernement Polen $#Polska $#Rzeczpospolita Polska $#Polska Rzeczpospolita Ludowa $#Poland $#Pologne $#République Polonaise $#Generalne Gubernatorstwo w Polsce $#Polish People's Republic $#Polska Rzeczpospolita Polen $#PRL $#RP $#Polen Generalgouvernement $#Polska Generalgouvernement $#Besetzte Polnische Gebiete $#Besetztes Gebiet in Polen $#Okupowane Polskie Obszary $#Obszary Okupowane w Polsce $#Volksrepublik Polen $#Polska Rosyjska $#Republic Polen $#Respublika Pol'ša $#Pol'skaja Narodnaja Respublika $#République de Pologne $#Polen Links der Weichsel $#Polska po Lewej Stronie Wisły $#Lenkija $#Polija $#Gubernija Carstva Pol'skago $#Republik Polen $74046496-9 $8--Tg1--Polen $x01 $9085129801 247C/01 $82080>Marburg/Lahn, Herder-Institut, Forschungsbibliothek, Bibliographieportal $9336309341
| LEADER | 00000caa a2200000 c 4500 | ||
|---|---|---|---|
| 001 | 47594805X | ||
| 003 | DE-603 | ||
| 005 | 20210510093158.0 | ||
| 007 | tu | ||
| 008 | 210222s2015 xx |||| | u00||u|ger c | ||
| 035 | |a (DE-599)HEB47594805X | ||
| 040 | |a DE-603 |b ger |c DE-603 |d DE-603 |e rda | ||
| 041 | |a ger | ||
| 082 | 0 | 4 | |8 1\u |a 909 |q DE-101 |2 23/BSB |
| 085 | |8 1\u |b 909 | ||
| 085 | |8 1\u |z 1 |s 09042 | ||
| 085 | |8 1\u |z 2 |s 438 | ||
| 100 | 1 | |a Müller-Butz, Martin |d 1984- |e Verfasser |4 aut |0 (DE-603)453002935 |0 (DE-588)1194435165 |2 gnd | |
| 245 | 0 | 0 | |a Von Russland nach Polen |b Zum Potential imperialer Erfahrung nach dem Zerfall der Imperien am Beispiel der Biographie von Aleksander Lednicki |c Martin Müller-Butz |
| 264 | 0 | |c 2015 | |
| 300 | |b 1 Illustration | ||
| 336 | |a Text |b txt |2 rdacontent | ||
| 337 | |a ohne Hilfsmittel zu benutzen |b n |2 rdamedia | ||
| 338 | |a Band |b nc |2 rdacarrier | ||
| 600 | 1 | 7 | |a Lednicki, Aleksander |d 1866-1934 |0 (DE-588)119108917 |0 (DE-603)087449080 |2 gnd |
| 648 | 7 | |a Geschichte 1918-1934 |2 gnd | |
| 650 | 7 | |a Politiker |0 (DE-588)4046517-2 |0 (DE-603)085129852 |2 gnd | |
| 773 | 0 | 8 | |i Enthalten in |t Eliten im Vielvölkerreich |d Berlin : De Gruyter Oldenbourg, 2015 |h VII, 411 Seiten, Illustrationen, Karten |z 3110416026 |z 9783110416022 |g (2015), Seite 199-219 |w (DE-603)358125367 |
| 924 | 0 | |9 2080 |a (DE-603)1142619095 |b DE-2080 |c HES |d d |g / | |


